| 000 | 01249cam a22003374a 4500 | ||
|---|---|---|---|
| 001 | 13377 | ||
| 003 | CUTN | ||
| 005 | 20140123113935.0 | ||
| 008 | 010314s2002 caua b 001 0 eng | ||
| 010 | _a 2001088748 | ||
| 020 | _a9788181477132 (acidfree paper) | ||
| 040 |
_aDLC _cDLC _dDLC |
||
| 041 | 1 |
_aeng _hger |
|
| 042 | _apcc | ||
| 050 | 0 | 0 |
_aQD502.5 _b.B7813 2002 |
| 082 | 0 | 0 |
_a547/.139 _221 |
| 100 | 1 |
_aBruckner, Reinhard, _d1955- _zBRU |
|
| 240 | 1 | 0 |
_aReaktionmechanismen. _lEnglish |
| 245 | 1 | 0 |
_aAdvanced organic chemistry : _breaction mechanisms / _cReinhard Bruckner. |
| 246 | 3 | 0 | _aReaction mechanisms |
| 260 |
_aSan Diego : _bHarcourt/Academic Press, _cc2002. |
||
| 300 |
_axxi, 636 p. : _bill. ; _c24 cm. |
||
| 440 | 0 | _aAdvanced organic chemistry series | |
| 504 | _aIncludes bibliographical references and index. | ||
| 650 | 0 | _aOrganic reaction mechanisms. | |
| 856 | 4 | 2 |
_3Publisher description _uhttp://www.loc.gov/catdir/description/els031/2001088748.html |
| 856 | 4 | 1 |
_3Table of contents _uhttp://www.loc.gov/catdir/toc/els031/2001088748.html |
| 906 |
_a7 _bcbc _corignew _d2 _eepcn _f20 _gy-gencatlg |
||
| 942 |
_2ddc _cBOOKS |
||
| 999 |
_c9992 _d9992 |
||